000 00269pam a2200121 a 4500
020 _c
041 _h
100 _aRanjit Hoskate .
245 _aMr. Atul Dodiya
_hTextual Documents
260 _a[s.l]:
_bVadhera Art Gallery
300 _a465:
_bHard.
930 _a7052
999 _c240842
_d240842